<?xml version="1.0" encoding="UTF-8"?><?xml-stylesheet type="text/xsl" href="static/style.xsl"?><OAI-PMH xmlns="http://www.openarchives.org/OAI/2.0/" xmlns:xsi="http://www.w3.org/2001/XMLSchema-instance" xsi:schemaLocation="http://www.openarchives.org/OAI/2.0/ http://www.openarchives.org/OAI/2.0/OAI-PMH.xsd"><responseDate>2026-04-13T00:20:01Z</responseDate><request verb="GetRecord" identifier="oai:www.recercat.cat:10256/7451" metadataPrefix="marc">https://recercat.cat/oai/request</request><GetRecord><record><header><identifier>oai:recercat.cat:10256/7451</identifier><datestamp>2024-06-06T10:06:57Z</datestamp><setSpec>com_2072_452966</setSpec><setSpec>com_2072_2054</setSpec><setSpec>col_2072_452967</setSpec></header><metadata><record xmlns="http://www.loc.gov/MARC21/slim" xmlns:dcterms="http://purl.org/dc/terms/" xmlns:xsi="http://www.w3.org/2001/XMLSchema-instance" xmlns:doc="http://www.lyncode.com/xoai" xsi:schemaLocation="http://www.loc.gov/MARC21/slim http://www.loc.gov/standards/marcxml/schema/MARC21slim.xsd">
   <leader>00925njm 22002777a 4500</leader>
   <datafield ind2=" " ind1=" " tag="042">
      <subfield code="a">dc</subfield>
   </datafield>
   <datafield ind2=" " ind1=" " tag="720">
      <subfield code="a">Cortada Vallicrosa, Eloi</subfield>
      <subfield code="e">author</subfield>
   </datafield>
   <datafield ind2=" " ind1=" " tag="260">
      <subfield code="c">2012-09</subfield>
   </datafield>
   <datafield ind2=" " ind1=" " tag="520">
      <subfield code="a">L’objectiu d’aquest treball és fer un estudi dels diferents tipus de sistemes de posicionament global que hi ha en el mercat, elegir un mòdul receptor assequible per poder analitzar-lo i veure si disposa de les característiques adequades per integrar-lo en un robot autònom d’exploració del projecte Sant Bernardo. S’hauran de fer les anàlisis de la precisió del mòdul en les diferents direccions cardinals, es a dir Nord, Sud, Est, Oest i altura i veure la diferència d’error que hi ha en cada una, veure si la precisió varia molt en diferents situacions, com en cel obert, en sotabosc, costat i interior edificis. A més a més s’haurà de mirar la repetibilitat, la diferencia d’error amb diferent&#xd;
nombre de satèl•lits connectats i si disposa de suficient velocitat de processat per a podar corregir la posició del robot en moviment. Un cop analitzades les característiques del mòdul receptor elegit, es decidirà si aquest és&#xd;
adequat per fer les correccions de posició del robot, o s’haurà d’adquirir un mòdul de característiques superiors i per tant molt més car per a dura a terme adequadament la correcció de la posició</subfield>
   </datafield>
   <datafield ind1="8" ind2=" " tag="024">
      <subfield code="a">http://hdl.handle.net/10256/7451</subfield>
   </datafield>
   <datafield tag="653" ind2=" " ind1=" ">
      <subfield code="a">Robots mòbils -- Projectes i construcció</subfield>
   </datafield>
   <datafield tag="653" ind2=" " ind1=" ">
      <subfield code="a">Robots -- Sistemes de control</subfield>
   </datafield>
   <datafield tag="653" ind2=" " ind1=" ">
      <subfield code="a">Sistema de posicionament global</subfield>
   </datafield>
   <datafield tag="653" ind2=" " ind1=" ">
      <subfield code="a">Mobile robots -- Control systems</subfield>
   </datafield>
   <datafield tag="653" ind2=" " ind1=" ">
      <subfield code="a">Mobile robots -- Design and construction</subfield>
   </datafield>
   <datafield tag="653" ind2=" " ind1=" ">
      <subfield code="a">Global Positioning System</subfield>
   </datafield>
   <datafield ind2="0" ind1="0" tag="245">
      <subfield code="a">Integració de la posició GPS per fer el control del moviment d'un robot</subfield>
   </datafield>
</record></metadata></record></GetRecord></OAI-PMH>